Datum a čas kvízu
41
Celkem bodů
Celkový počet nahraných bodů na tomto kvízu bez doplňovacích otázek.
5.
Pořadí na kvízu
Konečné umístění týmu na tomto kvízu.
Zaznamenané odpovědi
# | Otázka | Odpověď | Body | Výsledky |
---|---|---|---|---|
1. | Ve svatovítské katedrále se v... | Petr Fiala | 1 | |
2. | V rakouském St. Pölten se na t... | o losa | 1 | |
3. | Při oslavě osmistého výročí ji... | v Hradci Králové | 1 | |
4. | Finská firma Bluefors uzavřela... | na Měsíci | 1 | |
5. | Českému hokejistovi Jakubu Lau... | Michigan | 0 | |
6. | Ve spolupráci s Radou Evropy j... | 1B 2D 3A 4C | 1 | |
7. | Co znamená maďarské slovo hétf... | pondělí | 0 | |
8. | Jak se jmenuje autonomní oblas... | Vojvodina | 1 | |
9. | Která z těchto knih nebyla nap... | B | 1 | |
10. | Pozoruhodným jazykem je velšti... | slunéčko (beruška) | 0 |